Transporte remunerado de personas /
Gardado en:
| Autor Principal: | |
|---|---|
| Formato: | Tesis |
| Publicado: |
San José:
Universidad de Costa Rica
|
| Etiquetas: |
Engadir etiqueta
Sen Etiquetas, Sexa o primeiro en etiquetar este rexistro!
|
MARC
| LEADER | 00000 a a2200000 04500 | ||
|---|---|---|---|
| 001 | 20587 | ||
| 003 | |||
| 040 | |||
| 090 | |a 08682.00 | ||
| 100 | |a Díaz Salazar, José Francisco | ||
| 245 | |a Transporte remunerado de personas / |c José Francisco Díaz Salazar | ||
| 260 | |a San José: |b Universidad de Costa Rica | ||
| 300 | |a 253 páginas | ||
| 502 | |a Tesis (Licenciado en Derecho) -- Universidad de Costa Rica. Facultad de Derecho, 1977 | ||
| 999 | |c 17916 |d 17916 | ||
